000 00991nmm a2200301 a 4500
001 ocm000561877
003 TR-IsHL
005 20201028123018.0
008 110704s2008 tu tur
007 cr cn
020 _a9789750815201
035 _a561877
_b(N$T)
050 0 4 _aPG3453.B84
_bS41 2008
090 0 4 _aPG3453.B84
_bS41 2008
100 1 _aBeliy, Andrey
245 1 0 _aGümüş güvercin
_h[electronic resource] /
_cAndrey Beliy ; çev. Kayhan Yükseler ; ed. Nurettin Pirim
250 _a1 bs.
260 _aİstanbul :
_bYapı Kredi Kültür Sanat Yayıncılık,
_c2008
300 _a357 p.
650 4 _aDil ve Edebiyat
650 4 _aLanguage and Literature
650 0 _aRus romanı
650 0 _aRussian fiction
650 7 _aLITERARY COLLECTIONS / Russian & Former Soviet Union
_2bisacsh
700 1 _aYükseler, Kayhan
700 1 _aPirim, Nurettin
856 4 0 _uhttp://search.ebscohost.com/login.aspx?direct=true&scope=site&db=e011xww&AN=561877
999 _c2176
_d2176